| 000 | 00343nam a2200133Ia 4500 | ||
|---|---|---|---|
| 008 | 240624s9999 xx 000 0 und d | ||
| 041 | _aeng | ||
| 082 | _a658.83 VEN | ||
| 100 | _aVENKATESAN RAJKUMAR | ||
| 245 | _aCUTTING EDGE MARKETING ANALYTICS REAL WO | ||
| 260 |
_c2014 _aLearning _bPearson FT Press |
||
| 300 | _a320 : p. | ||
| 365 |
_c _b28 |
||
| 999 |
_c28645 _d28645 |
||